00285nam a2200109Ia 4500008004000000082001600040100002500056245005300081260002700134300000800161440000600169210210b2000 xxu||||| |||| 00| 0 eng d a940.54 ROTE aROTHEBERY (Abraham). aEyewitness history of world war II Victory vol.4 aNYbBantam booksc2000 a210 a4